CAPITALISM IN THE AGE OF GLOBALIZATION T (Record no. 23451)

MARC details
000 -LEADER
fixed length control field 00349nam a2200133Ia 4500
008 - FIXED-LENGTH DATA ELEMENTS--GENERAL INFORMATION
fixed length control field 240624s9999 xx 000 0 und d
041 ## - LANGUAGE CODE
Language code of text/sound track or separate title eng
082 ## - DEWEY DECIMAL CLASSIFICATION NUMBER
Classification number 332.041 AMI
100 ## - MAIN ENTRY--PERSONAL NAME
Personal name AMIN SAMIR
245 ## - TITLE STATEMENT
Title CAPITALISM IN THE AGE OF GLOBALIZATION T
260 ## - PUBLICATION, DISTRIBUTION, ETC.
Date of publication, distribution, etc. 2014
Place of publication, distribution, etc. London
Name of publisher, distributor, etc. Zed Books
300 ## - PHYSICAL DESCRIPTION
Extent xxxiv, : 158 : p. : cm. ; 21
365 ## - TRADE PRICE
Currency code GBP
Price amount 25
Holdings
Withdrawn status Lost status Damaged status Not for loan Home library Current library Shelving location Date acquired Source of acquisition Cost, normal purchase price Full call number Barcode Date last seen Copy number Price effective from Koha item type
        IMTN IMTN Rack 9-A 10/10/2014 MB 12.99 332.041 AMI 23451 06/24/2024 107.6 06/24/2024 Books
Designed & Maintained by: LRC IMT Nagpur Contact: lrc@imtnag.ac.in© 2024. All Rights Reserved.